Vista normal
Vista MARC
Entrada Materia (personas)
Número de registros utilizados en: 2
001 - CONTROL NUMBER
- control field: 31403
003 - CONTROL NUMBER IDENTIFIER
- control field: Co-BoUCM
005 - DATE AND TIME OF LATEST TRANSACTION
- control field: 20130305082552.0
008 - FIXED-LENGTH DATA ELEMENTS
- fixed length control field: 130305|| aca||aabn | a|a d
040 ## - CATALOGING SOURCE
- Original cataloging agency: Co-BoUCM
- Transcribing agency: Co-BoUCM
100 ## - HEADING--PERSONAL NAME
- Personal name: Dominicus
- Titles and other words associated with a name: de Sancto Geminiano
- Dates associated with a name: ca. 1375-1424
670 ## - SOURCE DATA FOUND
- Source citation: Work cat.: (Co-BoUCM)0: Dominicus de Sancto Geminiano ca. 1375-1424, Clarissimi Juris utriusque monarche interpretisque profundissimi Dni.Dnici. de sancto geminiano lectura super sexto libro decretalium , 1514